000 00215nam a22001097a 4500
082 _a620.0023KEV
100 _aKevin
245 _aWhat i engineering
260 _aLondon
_bEdward
_c1987
300 _a85
942 _cBK
999 _c14227
_d14227